000 00632nam a2200277Ia 4500
005 20260324134816.0
008 008 260324s9999 xx 000 0 eng d
020 _a9780429182105
037 _aEBOOK
040 _aCRL
040 _beng
040 _cCRL
041 _2eng
041 _aeng
084 _qCRL
100 _aAllan Brown; Jan-Menno Kraak
_91198235
245 0 _aWeb Cartography
260 _bTaylor and Francis
260 _c2001
365 _a
365 _b460
856 _uhttp://www.taylorfrancis.com/books/9780429182105
942 _cEBOOK
999 _c1798674
_d1798674